Comuni della Provincia di Vibo Valentia - Statistics

Statistiche generali
  • Questo quiz è stato fatto 48 volte
  • Il punteggio medio è 34 su 50
Statistiche sulle risposte
Comune % Corretto
Vibo Valentia
96%
Tropea
88%
Pizzo
84%
Filadelfia
80%
Acquaro
76%
Briatico
76%
Francica
76%
Maierato
76%
Sant'Onofrio
76%
Vazzano
76%
Zungri
76%
Dasà
72%
Filogaso
72%
Francavilla Angitola
72%
Ionadi
72%
Limbadi
72%
Mileto
72%
Nicotera
72%
Pizzoni
72%
Polia
72%
Ricadi
72%
Rombiolo
72%
San Gregorio d'Ippona
72%
Zambrone
72%
Cessaniti
68%
Drapia
68%
Fabrizia
68%
Filandari
68%
Gerocarne
68%
San Calogero
68%
Serra San Bruno
68%
Zaccanopoli
68%
Arena
64%
Dinami
64%
Monterosso Calabro
64%
San Nicola da Crissa
64%
Spilinga
64%
Stefanaconi
64%
Brognaturo
60%
Capistrano
60%
Joppolo
60%
Mongiana
60%
San Costantino Calabro
60%
Sorianello
60%
Soriano Calabro
60%
Parghelia
56%
Spadola
56%
Vallelonga
56%
Simbario
52%
Nardodipace
48%
Nessun quiz corrispondente trovato
Distribuzione punteggi
Percentuale di utenti per punteggio
Percentile per numero di risposta
I tuoi punteggi nel tempo
Non hai fatto questo quiz